00240nam a2200109Ia 4500008004100000041001200041082001100053100001500064245003900079260000600118650000600124221030s9999 xx 000 0 und d aEnglish a105.23 aJ. Bignell 0aDigital Electronicscby J. Bignell c0 aB